Ciencias naturales y aprendizaje significativo: claves para la reflexión didáctica y la planificación
Saved in:
| Hovedforfatter: | |
|---|---|
| Format: | Bog |
| Sprog: | spansk |
| Udgivet: |
Buenos Aires
Novedades Educativas
2007
|
| Udgivelse: | 1a. ed |
| Serier: | Biblioteca Didáctica
|
| Fag: | |
| Tags: |
Tilføj Tag
Ingen Tags, Vær først til at tagge denne postø!
|
MARC
| LEADER | 00000nam a2200000 a 4500 | ||
|---|---|---|---|
| 001 | UCI9255 | ||
| 003 | CL-VaPUC | ||
| 008 | 081030e20070000AG |||||||||||||||||spa|d | ||
| 020 | |a 9789875381964 | ||
| 082 | 0 | 4 | |a 372.357 |b VEG |2 21 |
| 100 | 0 | |a Veglia, Silvia Marcela |e author |9 532889 | |
| 245 | 1 | 0 | |a Ciencias naturales y aprendizaje significativo: claves para la reflexión didáctica y la planificación |
| 250 | |a 1a. ed | ||
| 300 | |a 206 p | ||
| 942 | |c BK | ||
| 945 | |d 20081030 00:00:00 |a jtorresc | ||
| 260 | |a Buenos Aires |b Novedades Educativas |c 2007 | ||
| 650 | 7 | |a DIDACTICA DE LAS CIENCIAS |2 CL-VaPUC |9 532890 | |
| 650 | 0 | |a Ciencias naturales |9 260542 | |
| 650 | 0 | |a Educación básica |9 224933 | |
| 650 | 0 | |a Aprendizaje significativo |9 468450 | |
| 650 | 0 | |a Planificación de la educación |9 307333 | |
| 650 | 0 | |a Procesos de aprendizaje |9 309161 | |
| 583 | |a last modification |c 20081030 00:00:00 |k Rodrigo Vera | ||
| 490 | 0 | |a Biblioteca Didáctica | |
| 999 | |c 331832 |d 331830 | ||
| 952 | |0 0 |1 0 |4 0 |6 372_357000000000000_VEG_2007 |7 0 |8 A |9 418980 |a BIBEDU |b BIBEDU |d 2019-11-22 |i 4494237 |o 372.357 VEG 2007 |p 4494237 |r 2019-11-22 |w 2019-11-22 |y BK |k EBA | ||